LDR 00678naa#a2200193#i#450# 001 EN\\bibl\125870 005 20260703001353.5 011 ## _a2223-4608 100 ## _a20260630b2026####ek#y0engy0150####ca 102 ## _aRU 200 1# _aEngineering support and improvement of reliability of mechanical engineering products _eJournal article 210 1# _aBryansk _cBryansk State Technical University _d2026 215 ## _a8 с. 608 ## _aJournal article _2local 675 ## _aДетали машин. Общие вопросы. 621.81 _aДокументация. 004.01 _z 700 #1 _aSuslov _gAnatoliy G. 700 #1 _aFedonin _gOleg N. 700 #1 _aPetreshin _gDmitriy Ivanovich 856 4# _anaukaru.ru _u